Lord have mercy upon us : This is the humble petition of England unto Alm[ig]hty God, meekely imploring his divine bounty for the cessation of this mortality of pestilence now raigning amongst us: vvith a lamentable list of deaths triumphs in the weekly burials of the city of London, and the parishes adjacent to the same. M.P.

Bibliographic Details
Format: eBook
Language:English
Published: Printed at London : For Thomas Lambert at the signe of the Hors-shoo in Smithfield, [1636]
Series:Early English books online.
Subjects:
Online Access:Connect to the full text of this electronic book

MARC

Tag First Indicator Second Indicator Subfields
LEADER 00000nam a2200000 4500
001 in00004222506
005 20200806094920.0
006 m g d
007 cr bn |||a|bb|
008 901025s1636 enk o 00| | eng d
035 |a (UnM)99838123 
037 |a CL0036000029  |b ProQuest. 789 E. Eisenhower Parkway, Ann Arbor, MI 48108-3218 
040 |a Cu-RivES  |c Cu-RivES  |d CStRLIN  |e dcrb  |d WaOLN 
245 1 0 |a Lord have mercy upon us :  |b This is the humble petition of England unto Alm[ig]hty God, meekely imploring his divine bounty for the cessation of this mortality of pestilence now raigning amongst us: vvith a lamentable list of deaths triumphs in the weekly burials of the city of London, and the parishes adjacent to the same. M.P. 
260 |a Printed at London :  |b For Thomas Lambert at the signe of the Hors-shoo in Smithfield,  |c [1636] 
300 |a 1 online resource (1 sheet ([1] pages) :  |b illustrations. 
336 |a text  |b txt  |2 rdacontent 
337 |a computer  |b c  |2 rdamedia 
338 |a online resource  |b cr  |2 rdacarrier 
500 |a M.P. = Martin Parker. 
500 |a Author's initials appear at end of petition. 
500 |a In verse. 
500 |a Publication date from STC. 
500 |a Woodcut illustration at head. 
500 |a With plague statistics for 1593, 1603, 1625, 1630, 1636. 
500 |a Identified as STC 19075 on UMI microfilm; now = STC 19251.3. 
500 |a Imperfect; some print faded, with loss of printing. 
500 |a Reproduction of original in the Guildhall Library (London, England). 
510 4 |a STC (2nd edition)  |c 19251.3. 
533 |a Electronic reproduction.  |b Ann Arbor, Mich. :  |c UMI,  |d 1999-  |f (Early English books online)  |n Digital version of: (Early English Books, 1475-1640 ; 1075:15)  |7 s1999 miun s 
650 0 |a Plague  |z England  |z London  |v Early works to 1800. 
650 0 |a Ballads, English  |y 17th century. 
830 0 |a Early English books online. 
856 4 0 |u http://proxy.library.tamu.edu/login?url=https://search.proquest.com/docview/2240941131  |z Connect to the full text of this electronic book  |t 0 
999 f f |s e766631a-12ac-3af6-8262-39ff23a85ad6  |i 96771f45-ff6b-3c82-8d28-9acd89b4f9bd  |t 0 
952 f f |a Texas A&M University  |b College Station  |c Electronic Resources  |d Available Online  |t 0  |h No information provided 
998 f f |t 0  |l Available Online